Statistics for Most popular Katy Perry songs on Youtube

Click here to take the quiz!

General Stats

  • This quiz has been taken 20 times
  • The average score is 6 of 10

Answer Stats

Hint Answer % Correct
1.Roar
89%
3.Firework
83%
2.Dark Horse
78%
4.Last Friday Night
72%
10.E.T.
72%
6.Hot N Cold
67%
7.Part of Me
61%
9.The One that got away
50%
5.Wide Awake
44%
8.This is how We do
28%

Score Distribution

Percentile by Number Answered

Percent of People with Each Score

Your Score History

You have not taken this quiz